Mintzberg on management : Inside our strange world of organizations

Henry Mintzberg revolutionized our understanding of what managers do in The Nature of Managerial Work, his landmark book. Now in this comprehensive new volume, Mintzberg broadens his vision to explore not only the function of management, but also that of the organization itself and its meaning for s...

Descrición completa

Gardado en:
Detalles Bibliográficos
Autor Principal: Mintzberg, Henry
Formato: Libro
Idioma:Undetermined
Publicado: New York The Free Press [etc.] 1991
Những chủ đề:
Các nhãn: Engadir etiqueta
Sen Etiquetas, Sexa o primeiro en etiquetar este rexistro!
Thư viện lưu trữ: Trung tâm Học liệu Trường Đại học Cần Thơ
LEADER 01195nam a2200217Ia 4500
001 CTU_219536
008 210402s9999 xx 000 0 und d
020 |c 27.95 
082 |a 658 
082 |b M667 
100 |a Mintzberg, Henry 
245 0 |a Mintzberg on management : 
245 0 |b Inside our strange world of organizations 
245 0 |c Henry Mintzberg 
260 |a New York 
260 |b The Free Press [etc.] 
260 |c 1991 
520 |a Henry Mintzberg revolutionized our understanding of what managers do in The Nature of Managerial Work, his landmark book. Now in this comprehensive new volume, Mintzberg broadens his vision to explore not only the function of management, but also that of the organization itself and its meaning for society. A treasury of the dynamic and iconoclastic ideas that have made him a mentor to an entire younger generation of leading management thinkers, Mintzberg on Management presents the collective wisdom of this influential scholar -- in strategy, structure, power, and politics -- the gestalt of organizational theory. 
650 |a Management,Quản lý 
904 |i Trúc 
980 |a Trung tâm Học liệu Trường Đại học Cần Thơ